000 00335nam a22001217a 4500
008 230703b xxu||||| |||| 00| 0 eng d
082 _a350.07
_bOYU
100 _cWalter Ouma Oyugi
245 _aRural Development Administration
_bA Kenyan Experience
260 _aIndia
_bVikas Publishing House
_c1981
300 _a227p
942 _2ddc
_cBK
999 _c3148
_d3148